V SR začína pôsobiť jedna z najvyššie hodnotených bánk - Bank Austria

Bank Austria, a.s. Bratislava začala bankovú činnosť v novembri 1995. Má najvyšší rating spomedzi bánk pôsobiacich v SR. Ťažiskom obchodnej činnosti sú priame investície, spoločné podniky a zahraničný obchod. Poskytovanie komplexných bankových služieb. Rozsiahle skúsenosti s financovaním vývozu.

Saved in:
Bibliographic Details
Main Author: Kovalčík, J.
Format: Book Chapter
Language:Slovak
Subjects:
Tags: Add Tag
No Tags, Be the first to tag this record!

MARC

LEADER 00000naa a2200000 4500
001 r020362
005 20221213101214.0
041 0 |a slo 
044 |a SK 
245 1 0 |a V SR začína pôsobiť jedna z najvyššie hodnotených bánk - Bank Austria  |c J. Kovalčík 
520 |a Bank Austria, a.s. Bratislava začala bankovú činnosť v novembri 1995. Má najvyšší rating spomedzi bánk pôsobiacich v SR. Ťažiskom obchodnej činnosti sú priame investície, spoločné podniky a zahraničný obchod. Poskytovanie komplexných bankových služieb. Rozsiahle skúsenosti s financovaním vývozu. 
610 2 0 |a banky obchodné 
610 2 0 |a Slovensko 
610 2 0 |a Bank Austria SR, a.s. Bratislava 
610 2 0 |a služby bankové 
610 2 0 |a 1995 
100 1 |a Kovalčík, J.